000 00493nam a2200145Ia 4500
008 100204s9999 xx 000 0 und d
082 _b24679
100 _aदेशपांडे विजय
245 _aरसांचे उपयोग
260 _b"मृण्मयी ऋग्वेदी प्रकाशन , ठाणे"
_c1999
300 _a96
630 _aरसांचे उपयोग
730 _aरसांचे उपयोग
942 _cBOOK
999 _c469860
_d469857